Slay the Spire - All Bosses and Elites - Statistics

General Stats
  • This quiz has been taken 174 times
  • The average score is 14 of 21
Answer Stats
Act Type Answer % Correct
1 Boss Hexaghost
90%
1 Boss Slime Boss
89%
1 Elite Gremlin Nob
88%
2 Boss The Champ
87%
3 Boss Time Eater
82%
1 Boss The Guardian
81%
3 Boss Donu & Deca
79%
2 Boss The Collector
79%
1 Elite Lagavulin
76%
1 Elite Sentry
74%
3 Boss Awakened One
71%
2 Elite Book of Stabbing
71%
2 Elite Gremlin Leader
59%
2 Boss Bronze Automaton
57%
3 Elite Giant Head
57%
3 Elite Reptomancer
52%
4 Elite Spire Shield
51%
3 Elite Nemesis
49%
4 Elite Spire Spear
49%
4 Boss Corrupt Heart
44%
2 Elite Taskmaster
44%
No matching quizzes found
Score Distribution
Percent of People with Each Score
Percentile by Number Answered
Your Score History
You have not taken this quiz